ბათუმის შოთა რუსთაველის სახელმწიფო უნივერსიტეტის ბიბლიოთეკა

Japanese women writers : (ბიბ.ჩანაწერი № 64019)

000 -LEADER
fixed length control field 00898nam a2200205 4500
003 - CONTROL NUMBER IDENTIFIER
control field Ge_BSU
005 - DATE AND TIME OF LATEST TRANSACTION
control field 20260310143845.0
008 - FIXED-LENGTH DATA ELEMENTS--GENERAL INFORMATION
fixed length control field 260310s1991 enk||||| |||| 00| 0 eng d
020 ## - INTERNATIONAL STANDARD BOOK NUMBER
International Standard Book Number 9780873328593x
041 ## - LANGUAGE CODE
Language code of text/sound track or separate title eng
080 ## - UNIVERSAL DECIMAL CLASSIFICATION NUMBER
Universal Decimal Classification number 821.521-32 J-24
245 ## - TITLE STATEMENT
Title Japanese women writers :
Remainder of title twentieth century short fiction /
Statement of responsibility, etc. Translated and edited by Noriko Mizuta Lippit, Kyoko Iriye Selden.
264 ## - PRODUCTION, PUBLICATION, DISTRIBUTION, MANUFACTURE, AND COPYRIGHT NOTICE
Place of production, publication, distribution, manufacture London :
Name of producer, publisher, distributor, manufacturer Sharpe,
Date of production, publication, distribution, manufacture, or copyright notice 1991.
300 ## - PHYSICAL DESCRIPTION
Extent 285 p. :
Other physical details ill. ;
Dimensions 23 cm.
653 ## - INDEX TERM--UNCONTROLLED
keyword იაპონელი ქალი მწერლები
653 ## - INDEX TERM--UNCONTROLLED
keyword მეოცე საუკუნის მოკლემეტრაჟიანი მხატვრული ლიტერატურა
700 ## - ADDED ENTRY--PERSONAL NAME
Personal name Mizuta Lippit, Noriko
Relator term რედაქტორი
9 (RLIN) 27099
700 ## - ADDED ENTRY--PERSONAL NAME
Personal name Selden, Kyoko Iriye
Relator term რედაქტორი
9 (RLIN) 27100
942 ## - ADDED ENTRY ELEMENTS (KOHA)
Source of classification or shelving scheme
Koha item type წიგნი
ეგზემპლარები
Withdrawn status Lost status Source of classification or shelving scheme Damaged status Not for loan Permanent Location Current Location Shelving location Date acquired Cost, normal purchase price Full call number Barcode Date last seen Copy number Uniform Resource Identifier Price effective from Koha item type Public note
          ბათუმის შოთა რუსთაველის სახელმწიფო უნივერსიტეტის მთავარი ბიბლიოთეკა ბათუმის შოთა რუსთაველის სახელმწიფო უნივერსიტეტის მთავარი ბიბლიოთეკა წიგნსაცავი 2026-03-10 15.00 821.521-32 J-24 73889 2026-03-10 73889 იაპონიის ელჩის საჩუქარი 2026-03-10 წიგნი 15 ლ.